000 00702nam a2200229 a 4500
001 23817
003 CO-ViMGA
008 141112s2004 ck r 000 u spa d
020 _a9789587161199
040 _aCO-ViMGA
_bspa
_cCO-ViMGA
082 0 4 _a610.73 A749c
100 1 _aAriza Olarte, Claudia
_934485
245 1 0 _aCalidad del cuidado de enfermeria al paciente hospital1zado /
_cClaudia Ariza Olarte
260 _aColombia :
_bUniversidad Javeriana
300 _a100p.
650 1 4 _aATENCION AL PACIENTE
_934486
650 1 4 _aATENCION DE ENFERMERIA
_916544
650 1 4 _aCIUDADES BASES DE ENFERMERIA
_934487
650 1 4 _aENFERMERIA
650 1 4 _aHOSPITALIZACION
_934488
942 _2ddc
_cBK
999 _c31899
_d31899